Best 10 Novels Ever?!?! - Statistics

General Stats
  • This quiz has been taken 37 times
  • The average score is 5 of 20
Answer Stats
Hint Answer % Correct
Time 2 1984
65%
Time 8 Animal Farm
50%
Time 5 The Great Gatsby
44%
Time 4 The Catcher in the Rye
41%
Time 10 The Grapes of Wrath
41%
Time 1 To Kill a Mockingbird
35%
Time 9 Catch 22
32%
Time 3 The Lord of the Rings
32%
Guardian 7 Emma
29%
Time 7 Lord of the Flies
29%
Guardian 8 Frankenstein
24%
Guardian 2 Robinson Crusoe
18%
Guardian 3 Gulliver's Travels
15%
Guardian 5 Tom Jones
15%
Guardian 6 The Life and Opinions of Tristram Shandy
9%
Guardian 4 Clarissa
3%
Time 6 The Lion, the witch and the wardrobe
3%
Guardian 9 Nightmare Abbey
0%
Guardian 10 The Narrative of Arthur Gordon Pym of Nantucket
0%
Guardian 1 The Pilgrim's Progress
0%
No matching quizzes found
Score Distribution
Percent of People with Each Score
Percentile by Number Answered
Your Score History
You have not taken this quiz